000 00812nam a2200241 a 4500
999 _c10738
_d10738
001 10738
003 BD-JhCC
005 20180816132121.0
008 180816b2018 bg |||| |||| 000 0 ben d
020 _a9788129529619
035 _a(BD-JhCC)10738
040 _aBD-JhCC
_dBD-JhCC
041 _aBEN
082 _a891.4415
_bUDD 2018
100 _aউদ্দীন, জসীম
245 _aকবিতাসংগ্রহ /
_cজসীম উদ্দীন, পুলক চন্দ সম্পাদনায়
260 _aকলকাতা :
_bদে’জ পাবলিশিং,
_c২০১৮.
300 _a৫৭৬ পৃ. :
_c২৫ সেমি.
650 _aবাংলা কবিতা
650 _aBengali Poem
700 _aচন্দ, পুলক
942 _2ddc
_cREF